| 000 | 00644nam a2200217Ia 4500 | ||
|---|---|---|---|
| 005 | 20250425162847.0 | ||
| 008 | 250425s9999 xx 000 0 und d | ||
| 041 | _aspa | ||
| 082 |
_a918.66 _pSEC |
||
| 110 | _aSecretaría Nacional de Planificación y Desarrollo | ||
| 245 | 0 | _aCatálogo Nacional de objetos geográficos versión 2.0 | |
| 250 | _aPrimera edición | ||
| 260 |
_aQuito _bSENPLADES _c2013 |
||
| 300 |
_a463 páginas _bgráficos _c30 cm. |
||
| 650 | _aGeografía Socieconómica | ||
| 650 | _aObjetos Geográficos - Ecuador | ||
| 650 | _aValores de Dominio | ||
| 902 |
_aLibro _cImpreso |
||
| 942 | _c01 | ||
| 010 | _a117498 | ||
| 999 |
_c237913 _d237913 |
||